Word Ladder: Grease Gambler Gal Quiz Stats

Quiz Updated Nov 15, 2017

Challenge
Share
Tweet
Score 0/13 Timer 01:30
5 Plays Today
Clue 4-Letter Word % Correct
A place to pile dishesSINK
96.8%
Illness or revulsion SICK
96%
A burlap container for potatoesSACK
96%
Be withoutLACK
93.5%
CBS nightly show featuring Colbert: 'The ___ Show'LATE
87.7%
A fisherman's plastic baitLURE
80.6%
Stringed instrument invented by Apollo, according to mythLUTE
79.9%
Like a doilyLACY
79.5%
♀ 'Grease' female gang member: ___ [rung 7] ♀♦PINK♦
78.3%
♀ 'Grease' female gang member: [rung 1] ___
♠ A gambler's female muse: ___ [rung 13] ♠
♀LADY♀
76.6%
To put cargo on a shipLADE
76.1%
To hide in the shadows or follow from afarLURK
76.1%
♠ A gambler's female muse: [rung 7] ___♥LUCK♥
63.1%

Today's Daily Dose

You're not logged in!

Compare scores with friends on all Sporcle quizzes.
Join for Free
OR
Log In

You Might Also Like...

Show Comments

Extras

Top Quizzes Today


Score Distribution

Your Account Isn't Verified!

In order to create a playlist on Sporcle, you need to verify the email address you used during registration. Go to your Sporcle Settings to finish the process.

Report this User

Report this user for behavior that violates our Community Guidelines.

Details: